Memoria que el Consejo Permanente presenta a la deliberación y aprobación de la Asamblea de la Mancomunidad de Cataluña
Descripción Física:
23 p. ; 20 cm
MARC
| LEADER | 00000nam a2200000Ia 4500 | ||
|---|---|---|---|
| 001 | 1096 | ||
| 008 | 160829s1924 xx 000 0 cat d | ||
| 080 | |a RF-3-71 | ||
| 110 | |a Catalunya. |b Mancomunitat. |b Consell Permanent |9 53060 | ||
| 245 | |a Memoria que el Consejo Permanente presenta a la deliberación y aprobación de la Asamblea de la Mancomunidad de Cataluña | ||
| 260 | |a Barcelona : |b (Imp. de la Casa de Caridad), |c 1924 | ||
| 300 | |a 23 p. ; |c 20 cm | ||
| 590 | |a Hi ha un duplicat amb R. 1097 a: DUP-242 | ||
| 650 | |a Catalunya. Mancomunitat. Consell Permanent |x Memòries |9 20818 | ||
| 856 | 4 | |u https://media.diba.cat/diba/fitxers/arxiu/fulletons/bib_1096_1924_baixa.pdf |y Accés lliure | |
| 856 | 4 | |u https://media.diba.cat/diba/fitxers/arxiu/fulletons/bib_1096_1924_baixa.pdf |y Accés lliure | |
| 901 | |a Arxiu | ||
| 942 | |n 1 |2 udc | ||
| 952 | |0 0 |1 0 |4 0 |6 RF371 |7 1 |9 42338 |a Arxiu |b Arxiu |d 2016-12-01 |l 0 |o RF-3-71 |p 1096 |r 2016-12-01 00:00:00 |w 2016-12-01 |y ARXIU | ||
| 999 | |c 44816 |d 44816 | ||
| 900 | |a bib_1096_1924_baixa.pdf | ||